Name the Third Member Quiz Stats

 Plays Quiz Updated Mar 27, 2018

Score 0/38 Timer 07:00
1 Play Today
Two members Third member % Correct
Germany, JapanItaly
79.4%
Niña, Santa MariaPinta
77.3%
Alvin, SimonTheodore
70.1%
acute, rightobtuse
69.6%
Kelly Rowland, Michelle WilliamsBeyoncé Knowles
53%
Winston Churchill, Franklin RooseveltJoseph Stalin
51.5%
GM, FordChrysler
51.1%
batting average, home runsruns batted in
50.1%
Latvia, LithuaniaEstonia
49.9%
sedimentary, metamorphicigneous
49.3%
Steve Martin, Martin ShortChevy Chase
40.1%
Kentucky Derby, Belmont StakesPreakness
40.1%
Krist Novoselic, Dave GrohlKurt Cobain
35.4%
foil, saberépée
33.7%
truth, justicethe American way
29.1%
Charlotte, EmilyAnne
26.6%
Liberté, EgalitéFraternité
24.9%
Doric, IonicCorinthian
22.8%
A Fistful of Dollars, For a Few Dollars MoreThe Good, The Bad and The Ugly
22.8%
Two members Third member % Correct
Janet Wood, Chrissy SnowJack Tripper
20.6%
Il Purgatorio, Il ParadisoL'Inferno
20.1%
hammer, anvilstirrup
19.9%
pitch, rollyaw
17.8%
Giant, East of EdenRebel Without a Cause
17.6%
lies, damned liesstatistics
17.4%
Farrah Fawcett, Kate JacksonJaclyn Smith
16.3%
ectomorph, endomorphmesomorph
15.6%
Fran, OllieKukla
14.7%
Placido Domingo, Luciano PavarottiJosé Carreras
12%
Cordelia, GonerilRegan
11.4%
green circle, blue squareblack diamond
11.4%
Prudence, PiperPhoebe (also Paige)
11.4%
The Pledge, The TurnThe Prestige
9.3%
up-down, top-bottomcharm-strange
4.9%
Unity of Action, Unity of TimeUnity of Place
4.8%
Group Captain Lionel Mandrake, President Merkin MuffleyDr. Strangelove
4.6%
Comino, GozoMalta
2.9%
Clotho, LachesisAtropos
2.7%

You're not logged in!

Compare scores with friends on all Sporcle quizzes.
OR
Log In

Sporcle TV

Today on Sporcle TV


Watch our educational content, quiz creation guides, and fun videos on Sporcle TV.

Show Comments

Extras

Top Quizzes Today


Score Distribution

Your Account Isn't Verified!

In order to create a playlist on Sporcle, you need to verify the email address you used during registration. Go to your Sporcle Settings to finish the process.

Report this User

Report this user for behavior that violates our Community Guidelines.

Details: